000 01107nas a2200337 4500
001 BR2021000215
003 BR-BrBNA
005 20231205132130.0
007 ta
008 230509b bl.|||p| |||| 00| 00por d
040 _aBR-BrBNA
_bpor
_cBiblioteca Nacional de Agricultura
041 _a(Pt)
072 _aJ11
100 1 _aSanches, A.G.
100 1 _aCosta, J.M.
100 1 _aSilva, M.B. da
100 1 _aMoreira, E.G.S.
100 1 _aCosme, S.S.
245 1 _aTratamentos químicos na manutenção da qualidade pós-colheita em frutos de pitanga (Eugenia uniflora L.)
650 _aPITANGA
650 _aADITIVO
650 _aCONSERVAÇÃO
650 _aREFRIGERAÇÃO
650 _aVIDA DE PRATELEIRA
650 _aEUGENIA UNIFLORA
773 0 _tNativa. Pesquisas Agrárias e Ambientais (Brazil)
_xISSN 2318-7670
_g(Jul-Aug 2017), v. 5(4) p. 257-262
_wBR2021000215
856 4 0 _uhttps://periodicoscientificos.ufmt.br/ojs/index.php/nativa/article/view/4429/pdf_1
856 4 0 _dLink DSPACE/MAPA BR2021000215
909 _a202311
_bLúcia
_c55
_dLúcia Elande
942 _2AGRIS
_n0
_cANA
999 _c258655
_d258655